000 00724nam a22002177a 4500
999 _c10779
_d10779
003 AR-CdUCM
008 190402b ||||| |||| 00| 0 spa d
020 _a980-6148-51-7
040 _aMUNICIPALIDAD PROVINCIAL DEL CUSCO
_cBIBLIOTECA MUNICIPAL DEL CUSCO
082 _aEP / 371.3 /
_bM86
100 _aMorales, Mercedes
_927798
245 _aMatemática :
_bProyecto ACES apoyo complementario escolar /
260 _aCaracas :
_bTina, Papel y tinta,
_c1994
300 _a79 paginas ;
_c23 cm.
505 _aContenido: objetivos generales -- objetivos especificos -- contenido
650 _aMatematica
_920026
650 _aEducacion primaria
_91561
650 _aClases
_927799
942 _2ddc
_cLIBROS
945 _apjha